Русское влияние в современной армянской литературе : (Record no. 197660)
[ view plain ]
| 000 -LEADER | |
|---|---|
| fixed length control field | 00968nam a2200217 a 4500 |
| 001 - CONTROL NUMBER | |
| control field | 000532181 |
| 003 - CONTROL NUMBER IDENTIFIER | |
| control field | AM-YeHGA |
| 005 - DATE AND TIME OF LATEST TRANSACTION | |
| control field | 20260408151152.0 |
| 008 - FIXED-LENGTH DATA ELEMENTS--GENERAL INFORMATION | |
| fixed length control field | 070417s1909 ru r 000 0 rus d |
| 040 ## - CATALOGING SOURCE | |
| Original cataloging agency | AM-YeHGA |
| 041 0# - LANGUAGE CODE | |
| Language code of text/sound track or separate title | rus |
| 090 ## - LOCALLY ASSIGNED LC-TYPE CALL NUMBER (OCLC); LOCAL CALL NUMBER (RLIN) | |
| -- | 199139 |
| 100 1# - MAIN ENTRY--PERSONAL NAME | |
| Personal name | Веселовский, Юрий Алексеевич, |
| Dates associated with a name | 1872-1919 |
| 245 10 - TITLE STATEMENT | |
| Title | Русское влияние в современной армянской литературе : |
| Remainder of title | (На основании анкеты) : Лекция, читанная в Петербурге и Баку / |
| Statement of responsibility, etc. | Юрий Веселовский. |
| 260 ## - PUBLICATION, DISTRIBUTION, ETC. | |
| Place of publication, distribution, etc. | Москва : |
| Name of publisher, distributor, etc. | Типо-литогр. Т-ва Кушнерев и К°, |
| Date of publication, distribution, etc. | 1909. |
| 300 ## - PHYSICAL DESCRIPTION | |
| Extent | 48 с. ; |
| Dimensions | 26 см. |
| 650 14 - SUBJECT ADDED ENTRY--TOPICAL TERM | |
| Topical term or geographic name entry element | Армянская литература |
| 650 14 - SUBJECT ADDED ENTRY--TOPICAL TERM | |
| Topical term or geographic name entry element | Влияние русских писателей на армянскую литературу |
| 650 14 - SUBJECT ADDED ENTRY--TOPICAL TERM | |
| Topical term or geographic name entry element | Русская литература |
| 942 ## - ADDED ENTRY ELEMENTS (KOHA) | |
| Source of classification or shelving scheme | Universal Decimal Classification |
| Koha item type | Գրքեր / Books |
| Koha issues (borrowed), all copies | 12 |
| Withdrawn status | Lost status | Source of classification or shelving scheme | Damaged status | Not for loan | Collection | Home library | Current library | Date acquired | Total checkouts | Full call number | Barcode | Date last seen | Date last checked out | Price effective from | Koha item type | Public note | Total renewals |
|---|---|---|---|---|---|---|---|---|---|---|---|---|---|---|---|---|---|
| Universal Decimal Classification | Agulian Individual Collection | Fundamental Scientific Library | Fundamental Scientific Library | 28/12/2016 | 1 | Agul/1305 | FL0082890 | 08/04/2026 | 08/04/2026 | 28/12/2016 | Գրքեր / Books | ILL Non-Circ. | |||||
| Universal Decimal Classification | Hovhannisian Individual Collection | Fundamental Scientific Library | Fundamental Scientific Library | 22/02/2018 | Иоан/1333 | FL0480715 | 22/02/2018 | 22/02/2018 | Գրքեր / Books | ILL Non-Circ. | |||||||
| Universal Decimal Classification | Kusikian Individual Collection | Fundamental Scientific Library | Fundamental Scientific Library | 25/03/2025 | Кус/1489 | FL0686222 | 25/03/2025 | 25/03/2025 | Գրքեր / Books | ILL Non-Circ. | |||||||
| Universal Decimal Classification | General | Fundamental Scientific Library | Fundamental Scientific Library | 25/03/2025 | 12 | PII/17733 | FL0589684 | 15/08/2025 | 15/08/2025 | 25/03/2025 | Գրքեր / Books | 30 Days Loan | 5 |
ՀՀ Գիտությունների ազգային ակադեմիայի հիմնարար գիտական գրադարան = Fundamental Scientific Library of NAS RA
All site content, except where otherwise noted, is licensed under a